| 000 | 01283cab a2200301 4500 | ||
|---|---|---|---|
| 001 | ABS50861 | ||
| 008 | 090401t1994 xxu||||| |||| 00| 0 eng d | ||
| 035 | _a(Sirsi) u79312 | ||
| 041 | _aeng | ||
| 100 | _aFairlamb, C. | ||
| 245 | _aSustainable development | ||
| 260 | _c1994 | ||
| 350 | _a0 | ||
| 490 |
_aEnvironmental Policy and Practice _v4(1) 1994, 43-49(7) |
||
| 520 | _aLooks at the impact which the concept of sustainable development will have on the planning process, highlighting general themes. Reviews DOE viewpoints in Planning Policy Guidance Notes(PPGs).Identifies several tensions which need resolving, and recommends solutions to problems within the area of transport and the integration of land-use planning, emphasizing planning aspects, given the significance of this sector as a source of greenhouse gases. | ||
| 650 | _aEARTH SUMMIT | ||
| 650 | _aGLOBAL WARMING | ||
| 650 | _aPLANNING POLICY GUIDANCE NOTES | ||
| 650 | _aPPGS | ||
| 650 | _aSUSTAINABLE DEVELOPMENT | ||
| 650 | _aENVIRONMENT WHITE PAPER 1990 | ||
| 650 | _aUN CONFERENCE ON ENVIRONMENT AND DEVELOPMENT | ||
| 690 | _aENVIRONMENTAL AND LAND CONSULTANCY | ||
| 690 | _aPLANNING LAW AND PRACTICE | ||
| 690 | _aTRANSPORT AND COMMUNICATIONS | ||
| 942 | _n0 | ||
| 948 | _c04/03/1997 | ||
| 999 |
_c49856 _d49856 |
||